| 000 | 01122nam a2200265 a 4500 | ||
|---|---|---|---|
| 001 | 38850 | ||
| 003 | BD-RjUL | ||
| 005 | 20211209052854.0 | ||
| 008 | 160312s1994 ii 000 0 ben d | ||
| 020 | _c: IRs. 50.00 | ||
| 035 | _a(BD-RjUL)38959 | ||
| 040 |
_aBD-RjUL _beng _cBD-RjUL |
||
| 041 | _aben | ||
| 082 |
_a822.33 _bSHS V-1-V-5 1994-2004 _223 |
||
| 100 | 1 |
_aশেকসপীয়ার, উইলিয়াম _9124093 |
|
| 245 | 1 | 0 |
_aশেকসপীয়ার রচনাবলী / _cউইলিয়াম শেকসপীয়ার ; অনুবাদ সুধাংশুরঞ্জন ঘোষ |
| 250 | _a৪র্থ সং. | ||
| 260 |
_aকলকাতা : _bতুলি-কলম, _c১৯৯৪-২০০৪ |
||
| 300 |
_a খণ্ড ; _c২২ সেমি. |
||
| 505 | _aখণ্ড ১ -- খণ্ড ৪ -- | ||
| 650 |
_aইংরেজী নাটক _vরচনা সংগ্রহ _9210345 |
||
| 650 |
_aEnglish Drama _vCollected Works _9210346 |
||
| 700 |
_aঘোষ, সুধাংশুরঞ্জন, অনুবাদক _9224287 |
||
| 942 |
_2ddc _cBK |
||
| 999 |
_c38850 _d38850 |
||